Top 10 des brawlers avec le plus de pv - Statistiques

Statistiques générales
  • Ce quiz a été pris 88 fois
    76 depuis la dernière actualisation
  • Le résultat moyen est 7 sur 15
Statistiques - réponses
Hint Réponse % Correct
13 400 Frank
93%
12 600 El costo
71%
10 000 Bull
63%
9 600 Billie
59%
11 200 Hank
55%
10 000 Rosa
55%
11 600 Meg
50%
10 000 Jacky
45%
10 400 Darryl
43%
10 600 Ollie
36%
10 800 Sam
29%
10 000 Arkad
27%
11 000 Draco
27%
9 600 Buster
25%
10 800 Ash
23%
Aucun quiz correspondant
Distribution des résultats
% des personnes avec chaque résultat
Percentile par nombre de réponses
Votre historique - résultats
Vous n’avez pas pris ce quiz depuis la dernière actualisation